01674nam a2200397 i 4500001000700000003000800007005001700015006001900032007001500051008004100066020002800107035002200135040003100157050002300188080001300211082001600224100004500240245017000285264005900455300004000514336003100554337003300585338004300618500002200661504004200683588008300725590016200808650003700970655002701007700005101034700004701085700004401132797001801176856006301194999001901257124998FINmELB20241217175755.0m o d | cr cnu||||||||240625s2024 xxu ob 001 0 spa d a9780311000630q(e-book) a(OCoLC)1449571020 aFINmELBbspaerdacFINmELB 4aKHK2921bM827 2024 a342(866)04a342.8662231 aMora Campi, Lía Margarita de,eautora.14aLas dilataciones en los procesos de habeas corpus en Ecuador /cLía Margarita de Mora Campi, Ismael Sebastián Córdova Oñate, Ariana Katherine Galarza Quinto. 1aTexas :bEditorial Tecnocientífica Americana,c2024. a1 recurso en línea (76 páginas) atextobtxt2rdacontent/spa acomputadorabc2rdamedia/spa arecurso en líneabcr2rdacarrier/spa aIncluye índice. aIncluye referencias bibliográficas. aDescripción basada en metadatos suministrados por el editor y otras fuentes. aRecurso electrónico. Santa Fe, Arg.: elibro, 2024. Disponible vía World Wide Web. El acceso puede estar limitado para las bibliotecas afiliadas a elibro. 4aDerecho constitucionalzEcuador. 4aLibros electrónicos.1 aCórdova Oñate, Ismael Sebastián,eautor.1 aGalarza Quinto, Ariana Katherine,eautora.1 aSantiesteban Naranjo, Ernan,edirector.2 aelibro, Corp.40uhttps://elibro.net/ereader/politecnicointernacional/267235 c124998d124998